000 00279nam a22001097a 4500
008 170120b xxu||||| |||| 00| 0 eng d
020 _a9781401830175
041 _aeng
080 _a618.2
245 _aESSENTIALS OF NURSING LEADESHIP & MANAGEMENT
_cHEIDETHAL. P/K
942 _2udc
_cBK
999 _c3306
_d3306